000 00725nam a22002177a 4500
999 _c16957
_d16957
003 AR-CdUCM
008 190312b ||||| |||| 00| 0 spa d
040 _aMUNICIPALIDAD PROVINCIAL DEL CUSCO
_cBIBLIOTECA MUNICIPAL DEL CUSCO
082 _a118.3 /
_bT91
100 _aCicerón, Marco Tulio
_916111
245 _aObras escogidas /
260 _aBuenos Aires :
_bEl ateneo,
_c1951.
300 _a780 páginas ;
_c20 cm.
440 _aColección clásicos inolvidables
_916821
505 _aContenido : Diálogos del orador -- Cuestiones tusculanas -- Tratado de la república ...
650 _aObras
_96865
650 _aCompletas
_936726
650 _aSiglo XX
_98
942 _2ddc
_cLIBROS
945 _arah
_d06/05/2019